[Event "Landesklasse West 2024/25"]
[Site "?"]
[Date "2024.11.24"]
[Round "3.7"]
[White "Schorch, Rüdiger"]
[Black "Körner, Jonas"]
[Result "1-0"]
[WhiteElo "1919"]
[BlackElo "1583"]
[PlyCount "149"]
[EventDate "2024.09.15"]
[EventType "team-tourn"]
[EventRounds "9"]
[WhiteTeam "SV Ammern"]
[BlackTeam "SC Rochade Leinefelde"]

{[%evp 0,149,23,-2,-7,-33,30,38,44,43,72,11,14,-28,9,9,29,16,35,23,5,-6,-11,-36,25,13,17,9,76,89,82,72,72,0,95,80,84,64,60,68,72,80,78,90,94,86,105,92,104,116,125,85,99,65,91,95,123,117,140,120,124,126,124,131,131,134,150,129,130,130,129,132,132,108,129,125,132,132,163,159,151,112,122,123,189,197,197,197,221,221,221,175,229,245,235,227,236,232,233,232,232,224,216,220,233,216,262,221,220,221,322,262,261,221,274,221,262,221,219,218,217,217,217,217,217,211,217,217,217,240,275,275,277,271,275,244,259,278,287,304,389,408,407,408,426,379,417,458,469,483,489,521]} 1. c4 Nf6 2. Nc3 d5 3. cxd5 Nxd5 4. Nf3 g6 5. g3 Bg7 6. Bg2 O-O 7. O-O c5 8. Qb3 Nxc3 9. bxc3 Nc6 10. Ba3 Qa5 11. Bb2 Rd8 12. d3 Be6 13. c4 Nd4 14. Bxd4 cxd4 15. Qxb7 Bf6 16. Qb5 Qa3 17. Qb3 Qd6 18. Rab1 Rab8 19. Qc2 Qc5 20. Rb3 Rb6 21. Rxb6 axb6 22. Rb1 Rc8 23. Qb3 Qa5 24. Qxb6 Qxa2 25. Qb2 Ra8 26. h4 Qxb2 27. Rxb2 Ra1+ 28. Kh2 Rc1 29. Nd2 Bd7 30. Ne4 Kg7 31. Nxf6 Kxf6 32. Rb6+ Be6 33. Bf3 Kg7 34. Rb7 Kf6 35. g4 h6 36. Rb6 g5 37. Rb5 Rc2 38. Kg3 Kg6 39. Rb6 Kg7 40. hxg5 hxg5 41. Rb8 f6 42. Rd8 Bf7 43. Rxd4 e5 44. Rd7 Kf8 45. e3 Rc3 46. Be4 Be6 47. Rb7 Ke8 48. Kf3 Bd7 49. Bg6+ Kd8 50. Rb6 Ke7 51. Ra6 Be6 52. Be4 Rc1 53. Bf5 Bxf5 54. gxf5 Rc3 55. Re6+ Kf7 56. Rd6 Ke7 57. Rd5 Kf7 58. e4 Kg7 59. Rd7+ Kf8 60. Ke3 Rc2 61. Ra7 Kg8 62. Ra1 Kg7 63. Rd1 Kh6 64. Rd2 Rc3 65. Ra2 Kg7 66. Kd2 Rb3 67. Kc2 Rb6 68. Kc3 g4 69. c5 Rb1 70. Kc4 Rc1+ 71. Kd5 Rc3 72. Rd2 Kf7 73. Kd6 Ra3 74. c6 Ke8 75. Ke6 1-0

[Event "Landesklasse West 2024/25"]
[Site "?"]
[Date "2024.11.24"]
[Round "3.8"]
[White "Azakeer, Omar"]
[Black "Kampfhenkel, Ulrich"]
[Result "0-1"]
[WhiteElo "1343"]
[BlackElo "1912"]
[PlyCount "104"]
[EventDate "2024.09.15"]
[EventType "team-tourn"]
[EventRounds "9"]
[WhiteTeam "SC Rochade Leinefelde"]
[BlackTeam "SV Ammern"]

{[%evp 0,104,23,-16,-19,-26,11,-16,-16,-15,12,-12,-18,-12,-4,-27,-2,4,17,11,43,26,18,8,6,4,10,2,-1,0,-11,-13,-10,-17,31,-5,32,41,53,37,89,85,85,70,124,130,137,69,165,155,160,165,162,154,151,144,155,148,148,111,129,121,163,157,246,68,78,78,90,73,77,76,88,50,63,63,147,66,46,38,29,9,30,-2,24,-45,-75,-150,-155,-190,-189,-247,-259,-267,-170,-295,-171,-382,-488,-551,-688,-747,-948,-929,-1002,-1002,-1002]} 1. b3 e5 2. Bb2 d6 3. c4 Nf6 4. Nc3 g6 5. g3 Bg7 6. Bg2 O-O 7. e3 Re8 8. Nge2 c6 9. O-O d5 10. cxd5 cxd5 11. d4 e4 12. Nf4 Bh6 13. Ba3 Nc6 14. Qd2 Bxf4 15. exf4 a6 16. Na4 b5 17. Nc5 Qa5 18. Qxa5 Nxa5 19. Rac1 Bf5 20. Bb4 Nc6 21. Nxe4 dxe4 22. Rxc6 Nd5 23. Bd6 Rec8 24. Rfc1 Rxc6 25. Rxc6 Rc8 26. Rxc8+ Bxc8 27. Bxe4 Nc3 28. Bf3 Nxa2 29. Kf1 a5 30. Bc6 Nc1 31. Bxb5 Be6 32. Bc4 Nxb3 33. Bxe6 fxe6 34. Ke2 Nxd4+ 35. Kd3 Nf3 36. h3 Kf7 37. Kc4 e5 38. fxe5 Ke6 39. Kb5 Nxe5 40. Bb8 Nd3 41. Ba7 Kf5 42. Kxa5 Ke4 43. Kb5 Kf3 44. Kc4 Nxf2 45. Bb8 Nxh3 46. Kd5 Nf2 47. Ke6 Ne4 48. Kf7 g5 49. Kg7 h5 50. Kg6 Kg4 51. Ba7 Nxg3 52. Be3 Ne4 0-1

[Event "Landesklasse West 2024/25"]
[Site "?"]
[Date "2024.11.24"]
[Round "3.1"]
[White "Hausknecht, Matthias"]
[Black "Königsmann, Marcus"]
[Result "1-0"]
[WhiteElo "2188"]
[BlackElo "1921"]
[PlyCount "81"]
[EventDate "2024.09.15"]
[EventType "team-tourn"]
[EventRounds "9"]
[WhiteTeam "SG Barchfeld/Breitungen"]
[BlackTeam "SC 1951 Nordhausen"]

{[%evp 0,81,24,27,48,39,73,33,18,-18,-10,4,9,1,19,30,21,21,29,15,30,30,23,39,39,35,38,35,29,11,18,-20,-19,-19,-12,-21,-7,-8,6,14,14,12,15,13,34,16,6,24,26,26,108,86,82,97,59,59,87,91,91,85,85,86,98,104,95,-13,0,0,0,0,88,130,143,150,146,153,160,174,168,98,217,207,278,276]} 1. e4 c5 2. Nf3 d6 3. c3 Nf6 4. Bd3 Nc6 5. O-O Bg4 6. h3 Bh5 7. Bc2 e5 8. d3 Be7 9. Re1 Qd7 10. Bg5 h6 11. Bxf6 Bxf6 12. Nbd2 O-O 13. Nf1 d5 14. Ng3 Bg6 15. Qe2 d4 16. Bb3 Kh8 17. a4 Rae8 18. Rec1 Bg5 19. Nxg5 hxg5 20. Bd5 Ne7 21. Bc4 a6 22. cxd4 cxd4 23. b4 f6 24. Qg4 Qd6 25. h4 gxh4 26. Qxh4+ Bh7 27. b5 f5 28. exf5 Nxf5 29. Ne4 Nxh4 30. Nxd6 Re7 31. bxa6 bxa6 32. Bxa6 Re6 33. Rc6 Rg6 34. g3 Nf5 35. Nf7+ Rxf7 36. Rc8+ Bg8 37. Bc4 Nd6 38. Bxf7 Nxf7 39. Rb1 Nd6 40. Ra8 Kh7 41. Rbb8 1-0

[Event "Landesklasse West 2024/25"]
[Site "?"]
[Date "2024.11.24"]
[Round "3.2"]
[White "Kuntze, Andreas"]
[Black "Messerschmidt, Nick"]
[Result "0-1"]
[WhiteElo "2022"]
[BlackElo "1959"]
[PlyCount "104"]
[EventDate "2024.09.15"]
[EventType "team-tourn"]
[EventRounds "9"]
[WhiteTeam "SC 1951 Nordhausen"]
[BlackTeam "SG Barchfeld/Breitungen"]

{[%evp 0,104,19,24,19,16,12,10,61,61,62,37,18,16,30,33,55,29,36,-66,-16,-30,-48,-103,78,91,95,95,71,67,67,67,67,75,75,-4,66,-52,-96,-146,-99,-180,-180,-877,-142,-187,-169,-159,-157,-151,-171,-174,-108,-105,-107,-100,-120,-188,-188,-182,-183,-193,-148,-294,-298,-297,-190,-316,-202,-204,-206,-206,-147,-200,-209,-264,-187,-180,-200,-177,-191,-191,-170,-189,-241,-252,-297,-305,-341,-341,-388,-507,-485,-497,-507,-507,-507,-507,-497,-507,-507,-507,-527,-547,-537,-547,-567]} 1. d4 d5 2. Nc3 Nf6 3. Bf4 c6 4. e3 g6 5. h4 Bg7 6. Be2 h5 7. Nh3 Ng4 8. f3 Nh6 9. g4 e5 10. dxe5 hxg4 11. fxg4 Qxh4+ 12. Nf2 Qe7 13. e4 g5 14. Bg3 Nd7 15. exd5 Nxe5 16. d6 Qe6 17. Nce4 Nexg4 18. d7+ Bxd7 19. Bc4 Qe7 20. Bd6 Nxf2 21. Kxf2 Ng4+ 22. Qxg4 Bxg4 23. Rxh8+ Bxh8 24. Bxe7 Kxe7 25. Nxg5 Bd4+ 26. Kg3 f5 27. Re1+ Kd6 28. Kf4 Bxb2 29. Nf7+ Kc5 30. Bd3 a5 31. Nh6 Bc3 32. Re6 Bd2+ 33. Ke5 Bxh6 34. Rxh6 Re8+ 35. Kf4 Re7 36. Rf6 Kb4 37. Rd6 Kc3 38. Rd8 a4 39. Ra8 Kb4 40. Ra7 c5 41. Bxf5 Bxf5 42. Kxf5 c4 43. Kf6 Re2 44. Rxb7+ Ka3 45. Ra7 Rxc2 46. Ke5 Rd2 47. Rc7 Kxa2 48. Rxc4 a3 49. Ra4 Kb3 50. Ra8 a2 51. Ke4 Rh2 52. Kd3 Rh3+ 0-1

[Event "Landesklasse West 2024/25"]
[Site "?"]
[Date "2024.11.24"]
[Round "3.3"]
[White "Trappe, Tilman"]
[Black "Anisheva, Varvara"]
[Result "1/2-1/2"]
[WhiteElo "1626"]
[BlackElo "1949"]
[PlyCount "149"]
[EventDate "2024.09.15"]
[EventType "team-tourn"]
[EventRounds "9"]
[WhiteTeam "SG Barchfeld/Breitungen"]
[BlackTeam "SC 1951 Nordhausen"]

{[%evp 0,149,24,16,39,35,40,-48,10,1,-1,-17,-15,-14,-19,-56,-37,-4,41,32,83,115,138,124,137,0,98,104,119,0,0,0,2,-42,-37,-47,46,13,16,-59,-49,-59,28,-142,-10,-63,-29,-80,-78,-188,-154,-169,-146,-146,-104,-104,-138,-159,-79,-127,-149,-168,-100,-130,-117,-126,-120,-140,-130,-131,-78,-91,-80,-68,-73,-120,-131,-130,-122,-150,-150,-164,-124,-109,-118,-130,-134,-134,-104,-107,-115,-112,-106,-107,-107,-112,-118,-117,-102,-102,-102,-106,-98,-98,-98,-98,-95,-98,-70,-125,-66,-105,-66,-68,-92,-79,-73,-93,-73,-82,-88,-149,-88,-149,-149,-192,-159,-163,-140,-137,-141,-141,-147,-195,-182,-182,-182,-247,-381,-395,-116,-395,-116,-567,-2,-1,-1,-1,-1,-1,-1,-1]} 1. e4 c5 2. a3 Nc6 3. b4 cxb4 4. axb4 Nxb4 5. c3 Nc6 6. d4 d5 7. exd5 Qxd5 8. Na3 e6 9. Nb5 Qe4+ 10. Be2 Kd8 11. Nf3 h6 12. Ne5 Nxe5 13. dxe5+ Bd7 14. Nd6 Bxd6 15. Qxd6 Ne7 16. Ba3 Nf5 17. Qd2 Qd5 18. Qf4 g5 19. Qb4 a5 20. Qb6+ Ke8 21. c4 Qc6 22. Qb3 Qe4 23. Rd1 Nd4 24. Qb2 Nc2+ 25. Kf1 Nxa3 26. Qxa3 Qxe5 27. Bf3 Qc7 28. Qb2 Ke7 29. Qa3+ Ke8 30. Qb2 e5 31. Qxb7 Qxb7 32. Bxb7 Ra7 33. Bd5 a4 34. Ra1 Ra5 35. h4 g4 36. Ke2 Ke7 37. Rhd1 Be6 38. Bxe6 Kxe6 39. Kd2 a3 40. Kc3 Rb8 41. Ra2 Ra4 42. Rda1 Rc8 43. Rxa3 Rcxc4+ 44. Kd2 Rd4+ 45. Ke2 Re4+ 46. Kf1 Rxa3 47. Rxa3 Kf5 48. g3 Rb4 49. Ra6 f6 50. Ra8 Kg6 51. Rg8+ Kf7 52. Rh8 Kg7 53. Rc8 Rb7 54. Kg2 f5 55. Rc2 f4 56. gxf4 exf4 57. Rc4 Rf7 58. Rc5 Kg6 59. f3 g3 60. Rc2 Rf6 61. Rc8 Rd6 62. Rg8+ Kf7 63. Rg4 Rd4 64. h5 Kf6 65. Rg6+ Kf5 66. Rxh6 Rd2+ 67. Kg1 Rf2 68. Ra6 Rxf3 69. h6 Rf2 70. Ra5+ Kg6 71. Rh5 Kh7 72. Rh4 f3 73. Rh3 Rg2+ 74. Kf1 Rf2+ 75. Kg1 1/2-1/2

[Event "Landesklasse West 2024/25"]
[Site "?"]
[Date "2024.11.24"]
[Round "3.4"]
[White "Rohde, Ragnar"]
[Black "Theer, Tino"]
[Result "0-1"]
[WhiteElo "1596"]
[BlackElo "1762"]
[PlyCount "112"]
[EventDate "2024.09.15"]
[EventType "team-tourn"]
[EventRounds "9"]
[WhiteTeam "SC 1951 Nordhausen"]
[BlackTeam "SG Barchfeld/Breitungen"]

{[%evp 0,112,24,24,16,-14,3,0,17,30,33,23,28,33,26,18,58,-3,6,5,7,-19,-1,-33,-23,2,37,8,20,45,63,63,67,67,78,77,123,132,131,131,131,131,152,130,159,141,156,114,130,40,46,59,83,59,48,66,72,22,88,23,53,14,14,18,22,11,23,17,21,0,15,-1,16,13,32,-24,-10,-199,-190,-190,-186,-257,-275,-310,-331,-374,-344,-416,-388,-461,-439,-357,-276,-279,-305,-474,-486,-535,-537,-575,-576,-1072,-1088,-1161,-1119,-1119,-1119,-1181,-1309,-1510,-1510,-1738,-1499,-1684,-2101]} 1. d4 Nf6 2. c4 e6 3. Nc3 Bb4 4. e3 O-O 5. Nf3 c5 6. Bd2 d5 7. cxd5 exd5 8. Be2 c4 9. O-O Nc6 10. Ne5 Re8 11. Nxc6 bxc6 12. b3 Qa5 13. Qc2 Bg4 14. Bxg4 Nxg4 15. h3 Nf6 16. bxc4 dxc4 17. a3 Bd6 18. Ne4 Qf5 19. Nxf6+ Qxf6 20. Qxc4 a5 21. Rfc1 Rec8 22. e4 Qe7 23. e5 Bxa3 24. Rc2 Bb4 25. Bxb4 Qxb4 26. Qxb4 axb4 27. Rb1 Rab8 28. Rb3 Kf8 29. f3 Ke7 30. Kf2 Ke6 31. Ke3 Rb6 32. Rc4 Rcb8 33. Ke4 f5+ 34. exf6 Kxf6 35. g3 g5 36. f4 gxf4 37. Kxf4 Ke6 38. g4 Kd5 39. Rc2 Kxd4 40. g5 c5 41. Kg4 c4 42. Rf3 c3 43. h4 Re8 44. h5 Re3 45. Rf7 Kd3 46. Rcf2 b3 47. Rd7+ Kc4 48. Rf4+ Kb5 49. Rf5+ Ka6 50. Rd4 b2 51. Ra4+ Kb7 52. Rf7+ Kc6 53. Rf6+ Kb5 54. Rb4+ Kxb4 55. Rxb6+ Ka5 56. Rb8 c2 0-1

[Event "Landesklasse West 2024/25"]
[Site "?"]
[Date "2024.11.24"]
[Round "3.5"]
[White "Crivellaro, Heiko"]
[Black "Gülsdorff, Florian"]
[Result "1-0"]
[WhiteElo "1821"]
[BlackElo "1590"]
[PlyCount "71"]
[EventDate "2024.09.15"]
[EventType "team-tourn"]
[EventRounds "9"]
[WhiteTeam "SG Barchfeld/Breitungen"]
[BlackTeam "SC 1951 Nordhausen"]

{[%evp 0,71,16,-29,16,3,3,0,16,4,5,13,8,11,6,6,12,7,8,1,1,-1,101,31,101,17,49,-10,-15,-30,-31,-44,-13,-39,-25,-16,-9,-48,-51,2,33,26,63,63,76,74,88,59,69,74,71,63,75,77,74,63,88,77,107,81,70,43,110,120,115,91,179,149,408,605,508,559,696,777]} 1. f4 b6 2. Nf3 Nf6 3. e3 Bb7 4. Be2 e6 5. O-O Bd6 6. b3 O-O 7. Bb2 h6 8. Qe1 c5 9. d3 Nc6 10. Nbd2 Ne7 11. Ne5 Bxe5 12. Bxe5 Nf5 13. Bf3 Bxf3 14. Rxf3 d5 15. Bb2 d4 16. Nf1 Ng4 17. e4 Nfe3 18. Nxe3 Nxe3 19. Qe2 f5 20. Bc1 fxe4 21. dxe4 Qf6 22. e5 Qf5 23. Bxe3 dxe3 24. Raf1 Rad8 25. Rxe3 Rd4 26. Ref3 Rfd8 27. R3f2 Qf7 28. h3 Qc7 29. a4 c4 30. f5 exf5 31. Rxf5 Qc5 32. Kh1 Rd2 33. Qg4 Qc6 34. Rf7 g5 35. R7f6 Qd5 36. Rxh6 1-0

[Event "Landesklasse West 2024/25"]
[Site "?"]
[Date "2024.11.24"]
[Round "3.6"]
[White "Onnen, Erik"]
[Black "Schmidt, Kevin"]
[Result "1-0"]
[WhiteElo "1516"]
[BlackElo "1620"]
[PlyCount "59"]
[EventDate "2024.09.15"]
[EventType "team-tourn"]
[EventRounds "9"]
[WhiteTeam "SC 1951 Nordhausen"]
[BlackTeam "SG Barchfeld/Breitungen"]

{[%evp 0,59,38,19,39,40,44,13,17,10,15,10,7,7,29,31,41,12,28,10,13,26,38,-30,-11,0,-4,-26,23,3,57,44,133,123,256,68,82,72,76,81,79,80,87,95,95,104,120,115,120,165,241,249,260,170,170,112,285,248,447,453,454,453]} 1. e4 c5 2. Nc3 Nc6 3. g3 g6 4. Bg2 Bg7 5. Nge2 d6 6. d3 e6 7. Bf4 a6 8. O-O b5 9. Qc1 b4 10. Nd1 Rb8 11. c3 a5 12. a3 Ba6 13. c4 Ne5 14. Qc2 bxa3 15. Rxa3 Rb4 16. Bd2 Nxd3 17. Bxb4 Nxb4 18. Qa4+ Qd7 19. b3 Ne7 20. Qxd7+ Kxd7 21. Rxa5 Nec6 22. Ra4 Bb7 23. Ndc3 Nd3 24. Nb5 Nb2 25. Ra2 Rb8 26. Nec3 Nd4 27. Nxd4 Bxd4 28. Nb5 Be5 29. f4 Bg7 30. e5 1-0

[Event "Landesklasse West 2024/25"]
[Site "?"]
[Date "2024.11.24"]
[Round "3.7"]
[White "Ußfeller, Uwe"]
[Black "Schimm, Justin"]
[Result "0-1"]
[WhiteElo "1618"]
[BlackElo "1432"]
[PlyCount "72"]
[EventDate "2024.09.15"]
[EventType "team-tourn"]
[EventRounds "9"]
[WhiteTeam "SG Barchfeld/Breitungen"]
[BlackTeam "SC 1951 Nordhausen"]

{[%evp 0,72,19,19,20,13,-29,-26,9,-41,-1,38,67,-10,28,-73,-52,-49,32,81,81,-13,24,73,455,-262,-258,-327,-328,-307,-256,-436,-442,-685,-723,-802,-609,-614,-277,-614,-301,-337,-250,-343,-283,-304,-282,-289,-294,-282,-243,-248,-199,-303,-319,-329,-197,-291,-310,-325,-193,-559,-557,-585,-431,-558,-592,-659,-714,-738,-749,-757,-762,-770,-772]} 1. e4 e5 2. f4 exf4 3. Nf3 d6 4. Bc4 Nc6 5. d4 g5 6. O-O Bg4 7. g3 Bg7 8. c3 fxg3 9. Bxf7+ Kd7 10. Bxg5 gxh2+ 11. Kxh2 Bxf3 12. Qxf3 Qxg5 13. Qh3+ Kd8 14. Rf5 Qh6 15. Bh5 Nf6 16. Qh4 Ne7 17. Rb5 Nxh5 18. Rxh5 Qf6 19. Qg3 Ng6 20. Na3 Qf4 21. Rg1 Qxg3+ 22. Rxg3 Kd7 23. Nc4 a6 24. Ne3 Bf6 25. Nd5 Be7 26. Ne3 Nf4 27. Rh6 Rhg8 28. Rf3 Ne6 29. Nd5 Rg7 30. Ne3 Bg5 31. Rh5 Bxe3 32. Rxe3 Rag8 33. Rf3 Rg2+ 34. Kh1 Rg1+ 35. Kh2 R8g2+ 36. Kh3 Ng5+ 0-1

[Event "Landesklasse West 2024/25"]
[Site "?"]
[Date "2024.11.24"]
[Round "3.8"]
[White "Hüllenhagen, Andreas"]
[Black "Trappe, David"]
[Result "1-0"]
[WhiteElo "1712"]
[BlackElo "1416"]
[PlyCount "69"]
[EventDate "2024.09.15"]
[EventType "team-tourn"]
[EventRounds "9"]
[WhiteTeam "SC 1951 Nordhausen"]
[BlackTeam "SG Barchfeld/Breitungen"]

{[%evp 0,69,19,-14,-22,-18,-42,-44,16,28,29,28,21,37,21,11,22,31,47,47,88,105,87,97,129,126,130,138,137,115,167,168,267,251,250,253,251,236,225,198,270,289,289,271,271,255,273,232,254,253,306,333,351,349,380,369,441,450,459,396,471,480,528,593,599,602,577,428,496,403,773,793]} 1. c4 e5 2. g3 Nf6 3. Bg2 c6 4. d4 Bb4+ 5. Nc3 e4 6. Bg5 d5 7. cxd5 cxd5 8. Nh3 Be6 9. Nf4 h6 10. Bxf6 Qxf6 11. O-O Qd8 12. Qb3 Bxc3 13. bxc3 Qd7 14. Rab1 O-O 15. Qxb7 Nc6 16. Qxd7 Bxd7 17. Nxd5 f5 18. Rb7 Be6 19. Nc7 Bc8 20. Rbb1 Rb8 21. Rxb8 Nxb8 22. Rb1 Nc6 23. Nd5 Be6 24. Ne3 Bxa2 25. Ra1 Bb3 26. Ra3 Rb8 27. Nxf5 Bc4 28. Bxe4 Nd8 29. Bd3 Be6 30. Rxa7 Nf7 31. Ne7+ Kf8 32. Ng6+ Kg8 33. Be4 Re8 34. Ra8 Bc8 35. Rxc8 1-0

[Event "Landesklasse West 2024/25"]
[Site "?"]
[Date "2024.11.24"]
[Round "3.2"]
[White "Meyer, Thomas"]
[Black "Göpfert, Gregor"]
[Result "1-0"]
[WhiteElo "1930"]
[BlackElo "1784"]
[PlyCount "53"]
[EventDate "2024.09.15"]
[EventType "team-tourn"]
[EventRounds "9"]
[WhiteTeam "VfB 1919 Vacha"]
[BlackTeam "ESV Lok Meiningen"]

{[%evp 0,53,21,-9,36,41,26,46,49,54,33,22,8,29,25,3,29,-12,-4,-11,-2,-27,-26,-42,-46,-92,-111,-105,-63,-77,-47,0,91,91,96,96,90,81,102,162,189,163,222,188,185,198,242,268,238,250,360,383,410,411,421,416]} 1. c4 c6 2. Nc3 d5 3. e3 Nf6 4. Nf3 e6 5. b3 Nbd7 6. Bb2 Bd6 7. Qc2 Qe7 8. Rg1 e5 9. cxd5 Nxd5 10. Nxd5 cxd5 11. Rc1 O-O 12. Qf5 Nf6 13. Qg5 h6 14. Qh4 Bf5 15. g4 Bxg4 16. Rxg4 Nxg4 17. Qxg4 f5 18. Qa4 f4 19. Qb5 Qe6 20. e4 Kh8 21. Qxd5 Qxd5 22. exd5 Rae8 23. Bh3 e4 24. Nh4 Rf7 25. Be6 Rc7 26. Rxc7 Bxc7 27. Nf5 1-0

[Event "Landesklasse West 2024/25"]
[Site "?"]
[Date "2024.11.24"]
[Round "3.3"]
[White "Lehmann, Peter"]
[Black "Korn, Kevin"]
[Result "0-1"]
[WhiteElo "1893"]
[BlackElo "1570"]
[PlyCount "142"]
[EventDate "2024.09.15"]
[EventType "team-tourn"]
[EventRounds "9"]
[WhiteTeam "ESV Lok Meiningen"]
[BlackTeam "VfB 1919 Vacha"]

{[%evp 0,142,23,23,65,45,41,35,36,46,51,41,68,48,45,31,31,31,34,21,34,15,16,16,6,15,17,11,11,-9,-16,-23,-32,-40,-14,-17,73,-65,116,-55,10,-55,-85,-115,-85,-120,-88,-83,-79,-105,-98,-89,-93,-106,-98,-108,-95,-124,-86,-95,-81,-84,-71,-77,-84,-119,-83,-116,-84,-88,-91,-269,-92,-304,-108,-117,-100,-100,-91,-102,-86,-82,-82,-78,-79,-95,-79,-79,-74,-337,-94,-172,-70,-304,-246,-282,-292,-292,-242,-246,-238,-224,-140,-222,-225,-227,-220,-222,-232,-255,-263,-268,-241,-247,-234,-309,-271,-265,-255,-341,-359,-353,-396,-456,-504,-804,-799,-799,-1044,-1117,-1196,-1219,-675,-748,-714,-1234,-1013,-1050,-819,-1128,-1172,-1178,-1229,-29985,-29988]} 1. d4 f5 2. c4 Nf6 3. Nc3 e6 4. Nf3 Bb4 5. Bd2 Bxc3 6. Bxc3 O-O 7. e3 b6 8. b4 Ne4 9. Bb2 Qe7 10. a3 Bb7 11. Be2 a5 12. b5 d6 13. O-O Nd7 14. g3 g5 15. Qc2 g4 16. Nh4 Qf7 17. f3 Ng5 18. Rad1 Rae8 19. Qd2 Re7 20. Kg2 gxf3+ 21. Bxf3 Nxf3 22. Nxf3 Qh5 23. d5 e5 24. Nh4 Rg7 25. Kh1 Nc5 26. Rde1 Bc8 27. Qe2 Qxe2 28. Rxe2 Rg4 29. Rc2 Nd3 30. Bc1 Re4 31. Bd2 Bd7 32. Kg2 Rf7 33. Kf3 Rg4 34. Ke2 Nc5 35. Rf3 Kg7 36. Ng2 Ne4 37. Be1 h5 38. Bd2 Kf6 39. Bc1 Rfg7 40. Nh4 Ng5 41. Rf1 Ne4 42. Rf3 Nc5 43. Bb2 Kg5 44. Ng2 Kf6 45. Nf4 Be8 46. Ng2 h4 47. Rf4 hxg3 48. h3 Rxf4 49. exf4 Rh7 50. h4 Kg6 51. fxe5 dxe5 52. Kf3 Kf6 53. Kxg3 Nd3 54. Bc3 f4+ 55. Kh2 Kf5 56. Rd2 e4 57. Bd4 Ne5 58. Bxe5 Kxe5 59. Kg1 e3 60. Rc2 Bg6 61. Rc1 Be4 62. Re1 Rg7 63. Re2 f3 64. Rxe3 Rxg2+ 65. Kf1 Kf4 66. Rc3 Kg3 67. h5 Rh2 68. Ke1 Rxh5 69. Re3 Rh1+ 70. Kd2 Kf4 71. c5 Rd1+ 0-1

[Event "Landesklasse West 2024/25"]
[Site "?"]
[Date "2024.11.24"]
[Round "3.4"]
[White "Laut, Martin"]
[Black "Lehmann, Georg"]
[Result "0-1"]
[WhiteElo "1539"]
[BlackElo "1631"]
[PlyCount "92"]
[EventDate "2024.09.15"]
[EventType "team-tourn"]
[EventRounds "9"]
[WhiteTeam "VfB 1919 Vacha"]
[BlackTeam "ESV Lok Meiningen"]

{[%evp 0,92,23,18,53,46,77,82,61,38,40,36,-1,11,10,12,24,42,78,74,77,55,56,43,27,42,92,49,147,37,0,0,10,3,-4,-103,-103,-70,38,-52,-30,-68,19,-9,0,-16,-18,-3,17,0,14,19,16,16,9,0,68,67,118,119,154,167,223,78,568,24,4,0,0,0,37,-472,-491,-527,-523,-523,-562,-601,-621,-627,-637,-657,-633,-709,-738,-744,-872,-1051,-745,-1071,-1130,-1489,-1639,-1721,-28088]} 1. e4 c5 2. Nf3 d6 3. d4 cxd4 4. Nxd4 Nf6 5. Bd3 e5 6. Nf3 Be6 7. c4 Nc6 8. Nc3 g6 9. Bg5 Bg7 10. O-O O-O 11. h3 h6 12. Be3 Ne8 13. Qd2 f5 14. exf5 gxf5 15. Bxh6 e4 16. Bxg7 Nxg7 17. Bxe4 fxe4 18. Nxe4 Ne5 19. Nxe5 dxe5 20. Qh6 Bf5 21. Rad1 Qe7 22. Qe3 Bxe4 23. Qxe4 Rad8 24. Rd5 Rxd5 25. Qxd5+ Kh8 26. Re1 Re8 27. Re4 Nf5 28. f4 Qg7 29. fxe5 Qg3 30. e6 Ng7 31. Qd4 Re7 32. Rg4 Qe1+ 33. Kh2 Qxe6 34. Rf4 Qe5 35. Qf2 Nh5 36. g3 Nxf4 37. gxf4 Qe2 38. Qxe2 Rxe2+ 39. Kg3 Rxb2 40. f5 Rc2 41. Kg4 Kg7 42. h4 Rxa2 43. Kf4 Kf6 44. Kg4 Rf2 45. h5 Rh2 46. c5 a5 0-1

[Event "Landesklasse West 2024/25"]
[Site "?"]
[Date "2024.11.24"]
[Round "3.5"]
[White "Grube, Paul"]
[Black "Schubert, Ralf"]
[Result "1-0"]
[WhiteElo "1583"]
[BlackElo "1400"]
[PlyCount "35"]
[EventDate "2024.09.15"]
[EventType "team-tourn"]
[EventRounds "9"]
[WhiteTeam "ESV Lok Meiningen"]
[BlackTeam "VfB 1919 Vacha"]

{[%evp 0,35,23,18,18,11,19,18,27,29,75,69,69,27,110,92,107,83,85,48,76,49,118,120,120,95,98,74,96,29,44,15,10,6,160,141,677,686]} 1. e4 e5 2. Nf3 Nc6 3. Bc4 h6 4. d4 d6 5. Be3 Bg4 6. c3 Qd7 7. Nbd2 a6 8. a4 Nf6 9. Qc2 Rb8 10. Bd3 Be7 11. d5 Nd8 12. Qb3 Ra8 13. Rc1 O-O 14. c4 b6 15. a5 bxa5 16. c5 dxc5 17. Nxe5 Qd6 18. Ndc4 1-0

[Event "Landesklasse West 2024/25"]
[Site "?"]
[Date "2024.11.24"]
[Round "3.8"]
[White "Schmalz, Felix"]
[Black "Semisch, Helga"]
[Result "1-0"]
[WhiteElo "1253"]
[BlackElo "1119"]
[PlyCount "133"]
[EventDate "2024.09.15"]
[EventType "team-tourn"]
[EventRounds "9"]
[WhiteTeam "VfB 1919 Vacha"]
[BlackTeam "ESV Lok Meiningen"]

{[%evp 0,133,23,-54,2,-12,-17,-27,-9,-53,-17,-21,7,29,42,37,75,76,108,47,116,50,32,29,82,96,100,38,103,97,136,107,112,98,181,147,183,102,118,132,193,193,280,232,232,245,243,134,125,127,385,357,443,493,511,218,396,417,337,144,563,545,556,568,622,461,454,144,175,99,92,82,82,84,82,104,104,0,0,18,3,-102,-71,-284,-85,-298,-319,-321,-321,-474,-482,-637,-405,-412,-455,-476,-479,-447,-322,-318,-225,-314,-281,-438,-172,-349,-248,-323,0,0,321,353,373,495,742,744,836,836,982,992,992,992,992,992,1002,982,1002,1002,1230,1430,1594,1648,1842,1869,2499,29109]} 1. b4 d6 2. Bb2 e5 3. c4 Nd7 4. a3 Be7 5. Nc3 c6 6. Nf3 f5 7. e4 f4 8. d4 Qc7 9. dxe5 dxe5 10. Ng5 Bxg5 11. Qh5+ g6 12. Qxg5 Ngf6 13. Bd3 Qd6 14. Rd1 Qc7 15. Qh6 Nf8 16. O-O Ng4 17. Qh4 Qg7 18. Bc2 Bd7 19. Rd6 Be6 20. Rfd1 g5 21. Rxe6+ Nxe6 22. Qxg4 Nd4 23. Ba4 h5 24. Qh3 Qf6 25. Nd5 Qd6 26. Bxd4 exd4 27. Rxd4 g4 28. Qh4 Qe5 29. Rd1 O-O 30. Ne7+ Kg7 31. Nf5+ Kg6 32. Rd6+ Rf6 33. Rxf6+ Qxf6 34. Ne7+ Kf7 35. Qxf6+ Kxf6 36. Nf5 Ke5 37. f3 Rd8 38. b5 cxb5 39. cxb5 Rd3 40. Bc2 Rxa3 41. h3 gxf3 42. gxf3 Ra1+ 43. Kf2 Ra2 44. Ng7 Rxc2+ 45. Kg1 h4 46. Nf5 Rc5 47. Nxh4 Rxb5 48. Ng6+ Kf6 49. Nxf4 Kg5 50. Ne6+ Kh4 51. f4 Kxh3 52. f5 Rb6 53. e5 Kg4 54. f6 Kf5 55. f7 Rb1+ 56. Kf2 Rb2+ 57. Ke3 Rb3+ 58. Kd4 Rb4+ 59. Kd5 Rb5+ 60. Nc5 b6 61. f8=Q+ Kg5 62. Qg8+ Kf5 63. Qh7+ Kf4 64. Qe4+ Kg5 65. Qg2+ Kh6 66. Qh3+ Kg7 67. Qd7+ 1-0